000 00823nam a22002177a 4500
001 113854
003 DR-UNIBE
005 20250710094310.0
008 250709b1998 mx ||||| |||| 00| 0 spa d
040 _aBIBLIOTECA UNIBE
_cBIBLIOTECA UNIBE
_erda
041 _aspa
082 _aF-RD 5994
245 _a Relatoría del taller : la niña de hoy es la mujer de mañana
260 _aMéxico :
_bGrupo Interdisciplinario sobre Mujer, Trabajo y Pobreza(GIMTRAP) :
_bSistema Nacional para el Desarrollo Integral de la Familia(DIF) :
_bFondo de las Naciones Unidas para la Infancia(UNICEF),
_c1998
300 _a62 páginas
490 _aNiña de hoy es la mujer de mañana, 1
650 7 _2lemb
_aMujeres
650 7 _2lemb
_aFeminismo
700 _aFlorinda Riquer Fernández
_ecoordinador
_9197195
942 _2ddc
_cBK
999 _c113854
_d113854